[Event "2BLW 1718 SG Bochum 31 - TSV Schott Mai"]
[Site "?"]
[Date "2018.01.21"]
[Round "5.4"]
[White "Goudriaan, Etienne"]
[Black "Balcerak, Jakob"]
[Result "0-1"]
[WhiteElo "2359"]
[BlackElo "2464"]
[PlyCount "96"]
[EventDate "2018.??.??"]

1. d4 d5 2. c4 c6 3. Nc3 Nf6 4. Nf3 dxc4 5. a4 e6 6. e3 c5 7. Bxc4 Nc6 8. O-O
Be7 9. Qe2 cxd4 10. exd4 O-O 11. Rd1 Nb4 12. Ne5 Bd7 13. d5 exd5 14. Nxd5 Nbxd5
15. Bxd5 Nxd5 16. Rxd5 Bg4 17. Qc4 Qxd5 18. Qxd5 Rad8 19. Qb3 Rd1+ 20. Qxd1
Bxd1 21. Be3 Bb3 22. Bxa7 Ra8 23. Bd4 Rxa4 24. Rxa4 Bxa4 25. f3 f6 26. Nd3 Bd6
27. Kf2 Kf7 28. g3 Bc6 29. Nf4 g5 30. Nd3 Ke6 31. Ke3 h5 32. Nf2 Be7 33. f4 Bg2
34. fxg5 fxg5 35. g4 hxg4 36. Nxg4 Bd6 37. Kf2 Bh3 38. Kf3 b5 39. Be3 Kf5 40.
Nh6+ Kg6 41. Ng4 b4 42. b3 Kf5 43. Nh6+ Kg6 44. Bxg5 Be6 45. Bd2 Bxb3 46. h3
Bd5+ 47. Ke2 b3 48. Bc1 Bf4 0-1

[Event "2BLW 1718 SG Bochum 31 - TSV Schott Mai"]
[Site "?"]
[Date "2018.01.21"]
[Round "5.5"]
[White "Bewersdorff, Oliver"]
[Black "Schlawin, Marlon"]
[Result "1/2-1/2"]
[WhiteElo "2321"]
[BlackElo "2346"]
[PlyCount "30"]
[EventDate "2018.??.??"]

1. c4 e5 2. g3 g6 3. Bg2 Bg7 4. Nc3 d6 5. d3 Ne7 6. Nf3 O-O 7. O-O a5 8. d4 Bg4
9. dxe5 dxe5 10. h3 Bf5 11. Be3 Nbc6 12. Nd5 Be4 13. Nc3 Bf5 14. Nd5 Be4 15.
Nc3 Bf5 1/2-1/2

[Event "2BLW 1718 SG Bochum 31 - TSV Schott Mai"]
[Site "?"]
[Date "2018.01.21"]
[Round "5.6"]
[White "Hengelbrock, Joachim"]
[Black "Gohil, Harry"]
[Result "1-0"]
[WhiteElo "2296"]
[BlackElo "2234"]
[PlyCount "91"]
[EventDate "2018.??.??"]

1. c4 Nf6 2. Nc3 g6 3. d4 Bg7 4. e4 O-O 5. Be2 d6 6. Bg5 c5 7. d5 b5 8. cxb5 a6
9. a4 Qa5 10. Bd2 Qb4 11. f3 Ne8 12. Ra3 Nd7 13. Qc1 Qa5 14. Nh3 Bd4 15. Nd1
Qd8 16. Bc3 e5 17. dxe6 fxe6 18. Bxd4 cxd4 19. O-O axb5 20. Bxb5 Nc7 21. Qc4
Nb6 22. Qxd4 Nxb5 23. axb5 e5 24. Qc3 Bxh3 25. gxh3 Rc8 26. Qb3+ Kh8 27. Ne3
Qg5+ 28. Kh1 Qh5 29. Qd1 Rfd8 30. Rd3 Qxh3 31. Rxd6 Qh4 32. Qe1 Qxe1 33. Rxd8+
Rxd8 34. Rxe1 Rd2 35. b3 Rd3 36. Nc4 Nd7 37. Ra1 Kg7 38. Ra6 Rxf3 39. Ra7 Rf7
40. Nd6 Re7 41. b6 Kf6 42. Rxd7 Rxd7 43. b7 Rd8 44. Nc8 Rd1+ 45. Kg2 Rd2+ 46.
Kf1 1-0

[Event "2BLW 1718 SG Bochum 31 - TSV Schott Mai"]
[Site "?"]
[Date "2018.01.21"]
[Round "5.7"]
[White "Lisanti, Andre"]
[Black "Werthebach, Felix"]
[Result "1/2-1/2"]
[WhiteElo "2239"]
[BlackElo "2166"]
[PlyCount "76"]
[EventDate "2018.??.??"]

1. d4 f5 2. g3 Nf6 3. Bg2 d6 4. c3 g6 5. Qb3 c6 6. Nd2 Bg7 7. Nh3 e6 8. Nc4 O-O
9. Bf4 d5 10. Ne5 Qe8 11. Nd3 Qe7 12. a4 h6 13. Bxb8 Rxb8 14. Ne5 Qe8 15. Nf4
Kh7 16. Nfxg6 Rg8 17. Qb4 Ne4 18. Bxe4 fxe4 19. h4 h5 20. Nf4 Bf8 21. Qb3 b6
22. Qd1 Bh6 23. e3 Bxf4 24. exf4 Ba6 25. b4 Kh6 26. Qd2 Kh7 27. Qe3 Rc8 28. a5
c5 29. axb6 Qb5 30. b7 cxd4 31. bxc8=Q Rxc8 32. c4 Rxc4 33. Qd2 Rxb4 34. Qd1
Kg7 35. Qxh5 Rb1+ 36. Rxb1 Qxb1+ 37. Qd1 Qb4+ 38. Qd2 Qb1+ 1/2-1/2

[Event "2BLW 1718 SG Bochum 31 - TSV Schott Mai"]
[Site "?"]
[Date "2018.01.21"]
[Round "5.8"]
[White "Backwinkel, Paul"]
[Black "Werner, Dimo"]
[Result "1/2-1/2"]
[WhiteElo "2302"]
[BlackElo "2019"]
[PlyCount "38"]
[EventDate "2018.??.??"]

1. d4 Nf6 2. Nf3 e6 3. Bf4 c5 4. e3 Be7 5. Nbd2 O-O 6. Bd3 b6 7. c3 Bb7 8. Qe2
d5 9. Ne5 Nbd7 10. Ndf3 Nxe5 11. Nxe5 a5 12. O-O Qc8 13. Bg5 Ba6 14. Bxa6 Qxa6
15. Qxa6 Rxa6 16. Bxf6 gxf6 17. Nf3 b5 18. dxc5 Bxc5 19. Rfc1 Raa8 1/2-1/2

[Event "2BLW 1718 Aachener SV - DJK Aachen"]
[Site "?"]
[Date "2018.01.21"]
[Round "5.1"]
[White "Jakubiec, Artur"]
[Black "Seel, Christian"]
[Result "1-0"]
[WhiteElo "2513"]
[BlackElo "2468"]
[PlyCount "105"]
[EventDate "2018.??.??"]

1. d4 Nf6 2. Bf4 d5 3. Nc3 a6 4. Qd3 e6 5. e4 c5 6. Bxb8 Rxb8 7. O-O-O b5 8.
exd5 c4 9. Qe3 Nxd5 10. Nxd5 Qxd5 11. Be2 b4 12. Bf3 Qb5 13. Ne2 Qb6 14. Qe5 f6
15. Qe4 b3 16. Qc6+ Qxc6 17. Bxc6+ Bd7 18. Bxd7+ Kxd7 19. axb3 cxb3 20. c3 a5
21. Kd2 a4 22. Ra1 Ra8 23. Kd3 Be7 24. c4 Bb4 25. Nc3 Bxc3 26. Kxc3 Rhb8 27.
Rhe1 Ra5 28. f4 h5 29. Ra3 Rba8 30. c5 g6 31. Kc4 f5 32. Re3 R5a7 33. Rg3 Rg8
34. Rgxb3 g5 35. Rg3 Rb7 36. Rxa4 h4 37. Rc3 gxf4 38. b4 Rxg2 39. b5 Kc8 40.
Ra6 Rb2 41. Rxe6 R2xb5 42. Re8+ Kd7 43. Rh8 Rb8 44. Rxb8 Rxb8 45. Kd5 Kc7 46.
Rf3 Rd8+ 47. Kc4 Ra8 48. Rxf4 h3 49. Rh4 Ra3 50. Rh7+ Kd8 51. d5 f4 52. d6 Ra2
53. c6 1-0

[Event "2BLW 1718 Aachener SV - DJK Aachen"]
[Site "?"]
[Date "2018.01.21"]
[Round "5.2"]
[White "Koch, Thomas"]
[Black "Dambacher, Martijn"]
[Result "0-1"]
[WhiteElo "2472"]
[BlackElo "2478"]
[PlyCount "108"]
[EventDate "2018.??.??"]

1. d4 f5 2. g3 Nf6 3. Bg2 e6 4. c4 d5 5. cxd5 exd5 6. Nh3 Bd6 7. O-O O-O 8. Nc3
c6 9. Bf4 Be7 10. Na4 Na6 11. Rc1 Bd7 12. Qb3 Qa5 13. Rfd1 b5 14. Nc3 Kh8 15.
a3 Ne4 16. Be5 Nd6 17. Nf4 Nc4 18. Nd3 Nc7 19. a4 a6 20. Qc2 Ne6 21. b3 Nd6 22.
Na2 bxa4 23. b4 Qd8 24. Bxd6 Bxd6 25. Nc5 Bxc5 26. dxc5 f4 27. Qxa4 Qf6 28. Kh1
Nd4 29. Nc3 Nxe2 30. Nxe2 f3 31. Nf4 fxg2+ 32. Kg1 g5 33. Nd3 Rae8 34. Qa1 Re2
35. Re1 Rd2 36. Qxf6+ Rxf6 37. Rcd1 Rc2 38. Rc1 Rxc1 39. Rxc1 Bf5 40. Ne5 Be4
41. Ra1 d4 42. Rxa6 Rf5 43. f3 Bd5 44. Ra8+ Kg7 45. Re8 d3 46. Nxd3 Rxf3 47.
Nf2 Rb3 48. Re1 Rxb4 49. Rc1 Kf6 50. h3 Rb3 51. g4 Ke5 52. Rd1 Bf3 53. Re1+ Kd4
54. Kh2 Bd5 {(Zeit)} 0-1

[Event "2BLW 1718 Aachener SV - DJK Aachen"]
[Site "?"]
[Date "2018.01.21"]
[Round "5.3"]
[White "Van Dooren, Dirk"]
[Black "Vandenbussche, Thibaut"]
[Result "0-1"]
[WhiteElo "2351"]
[BlackElo "2411"]
[PlyCount "116"]
[EventDate "2018.??.??"]

1. f4 d5 2. Nf3 Bg4 3. e3 Nd7 4. h3 Bxf3 5. Qxf3 c6 6. b3 e5 7. Bb2 Bd6 8. fxe5
Nxe5 9. Qf2 Qc7 10. Qg1 Qe7 11. Nc3 Qh4+ 12. g3 Nf3+ 13. Kd1 Bxg3 14. Qg2 Ne1
15. Qe2 Nf6 16. Rg1 Bf2 17. Rxg7 O-O-O 18. Rxf7 Rhf8 19. Rxb7 Kxb7 20. Qa6+ Kc7
21. Nb5+ Kd7 22. Qb7+ Ke8 23. Ba3 Qe4 24. Bd3 Nxd3 25. cxd3 Qe5 26. d4 Qe4 27.
Qxc6+ Kf7 28. Bxf8 Qh1+ 29. Ke2 Qxa1 30. Kxf2 Rxf8 31. Ke2 Qg1 32. Nxa7 Qg2+
33. Kd3 Qxh3 34. a4 Qf5+ 35. Kc3 Qd7 36. Qb6 h5 37. Kb2 Kg8 38. Nc6 Qd6 39. Qb7
Qd7 40. Qb6 Rc8 41. Na7 Rc7 42. Qxf6 Rxa7 43. Qg6+ Kf8 44. Qxh5 Ke7 45. Qe5+
Qe6 46. Qb8 Rd7 47. a5 Qd6 48. Qh8 Qb4 49. Qe5+ Kd8 50. Qh8+ Kc7 51. Qe5+ Kb7
52. Qe8 Rc7 53. a6+ Ka7 54. Qe5 Rc6 55. Qg7+ Kxa6 56. Qd7 Qxd2+ 57. Ka3 Qc1+
58. Ka4 Qa1+ 0-1

[Event "2BLW 1718 Aachener SV - DJK Aachen"]
[Site "?"]
[Date "2018.01.21"]
[Round "5.4"]
[White "Sonntag, Hans-Hubert"]
[Black "Buscher, Michael"]
[Result "1/2-1/2"]
[WhiteElo "2341"]
[BlackElo "2390"]
[PlyCount "21"]
[EventDate "2018.??.??"]

1. e4 c5 2. Nf3 Nc6 3. d4 cxd4 4. Nxd4 Nf6 5. Nxc6 bxc6 6. Bd3 g6 7. b3 Bg7 8.
Bb2 d5 9. Nd2 O-O 10. exd5 cxd5 11. O-O 1/2-1/2

[Event "2BLW 1718 Aachener SV - DJK Aachen"]
[Site "?"]
[Date "2018.01.21"]
[Round "5.5"]
[White "Roeder, Matthias"]
[Black "Klein, Felix"]
[Result "1/2-1/2"]
[WhiteElo "2371"]
[BlackElo "2337"]
[PlyCount "29"]
[EventDate "2018.??.??"]

1. Nf3 d5 2. g3 c6 3. Bg2 Bg4 4. h3 Bh5 5. O-O Nd7 6. d4 Ngf6 7. c4 e6 8. cxd5
cxd5 9. Nc3 Be7 10. Qb3 Qb6 11. Ne5 Qxb3 12. axb3 Nxe5 13. dxe5 Nd7 14. f4 Bg6
15. Be3 1/2-1/2

[Event "2BLW 1718 Aachener SV - DJK Aachen"]
[Site "?"]
[Date "2018.01.21"]
[Round "5.6"]
[White "Meessen, Rudolf"]
[Black "Skulener, Wladimir"]
[Result "1/2-1/2"]
[WhiteElo "2263"]
[BlackElo "2393"]
[PlyCount "31"]
[EventDate "2018.??.??"]

1. d4 f5 2. Nc3 d5 3. Bf4 e6 4. Nb5 Na6 5. e3 c6 6. Nc3 Nc7 7. Nf3 Nf6 8. Ne5
Bd6 9. Bd3 O-O 10. O-O Qe7 11. h3 Nd7 12. Ne2 Bxe5 13. Bxe5 Nxe5 14. dxe5 b6
15. c4 Bb7 16. Rc1 1/2-1/2

[Event "2BLW 1718 Aachener SV - DJK Aachen"]
[Site "?"]
[Date "2018.01.21"]
[Round "5.7"]
[White "Gulbas, Cemil"]
[Black "Begnis, Nikolaos"]
[Result "1-0"]
[WhiteElo "2373"]
[BlackElo "2275"]
[PlyCount "147"]
[EventDate "2018.??.??"]

1. Nf3 Nf6 2. g3 g6 3. Bg2 Bg7 4. O-O O-O 5. d3 d6 6. c4 e5 7. Nc3 Re8 8. Ne1
c6 9. Nc2 h6 10. e4 Na6 11. f4 Bg4 12. Bf3 Bh3 13. Rf2 Nc5 14. Ne3 exf4 15.
gxf4 Ne6 16. Bg2 Bxg2 17. Nxg2 Nd4 18. Be3 Nd7 19. Qg4 Nf6 20. Qh3 Qd7 21. f5
Nh5 22. Raf1 Rad8 23. Qh4 Bf6 24. Qg4 Kg7 25. h3 Be5 26. fxg6 fxg6 27. Nh4
Qxg4+ 28. hxg4 Nf6 29. Rxf6 Bxf6 30. Rxf6 Kxf6 31. g5+ hxg5 32. Bxd4+ Ke6 33.
Nf3 g4 34. Nh2 Rf8 35. Nxg4 Rf3 36. Ne2 Rdf8 37. Bg7 R8f7 38. Nd4+ Ke7 39. Nxf3
Rxf3 40. Nf2 Ke6 41. Kg2 Rf7 42. Bd4 a6 43. Nh3 Kd7 44. Ng5 Rf4 45. Be3 Rf8 46.
c5 Re8 47. cxd6 Kxd6 48. d4 Rf8 49. Bd2 Kd7 50. Bb4 Rf4 51. Kg3 Rf1 52. e5 Rg1+
53. Kf4 Rf1+ 54. Ke3 b6 55. e6+ Kc7 56. Ne4 a5 57. Bd6+ Kd8 58. a4 Re1+ 59. Kf4
Rf1+ 60. Ke3 Re1+ 61. Kd3 Rf1 62. Ba3 Rf3+ 63. Ke2 Rf4 64. Ke3 Rf1 65. Ng5 Ke8
66. Nf3 Rc1 67. Kd2 Rf1 68. Ke2 Rb1 69. Nd2 Rh1 70. Ne4 c5 71. dxc5 Ke7 72.
cxb6+ Kxe6 73. b7 Rh8 74. Nc5+ 1-0

[Event "2BLW 1718 Aachener SV - DJK Aachen"]
[Site "?"]
[Date "2018.01.21"]
[Round "5.8"]
[White "Ahn, Martin"]
[Black "Marcziter, Dmitrii"]
[Result "1/2-1/2"]
[WhiteElo "2202"]
[BlackElo "2279"]
[PlyCount "137"]
[EventDate "2018.??.??"]

1. e4 c5 2. Nf3 e6 3. d4 cxd4 4. Nxd4 a6 5. Nc3 Qc7 6. Bd3 Nf6 7. O-O Bc5 8.
Nb3 Ba7 9. Qe2 d6 10. Kh1 O-O 11. f4 Nc6 12. Bd2 b5 13. a3 Bb7 14. Rae1 Nd7 15.
Qg4 Nd4 16. Nxd4 Bxd4 17. Rf3 f5 18. Qh3 Nf6 19. Rff1 g6 20. exf5 exf5 21. Nd1
Rae8 22. c3 Bb6 23. Be3 Bc5 24. Be2 Ne4 25. Bf3 Qb6 26. Qh4 Re6 27. b4 Bxe3 28.
Rxe3 Rfe8 29. Bxe4 Rxe4 30. Rxe4 Rxe4 31. Re1 Qc6 32. Rxe4 Qxe4 33. Qf2 Qd3 34.
Qe1 Kf7 35. Kg1 Qc2 36. Nf2 Qa2 37. Qd1 Ke6 38. h3 Qd5 39. Qe2+ Kd7 40. Nd1 Qb3
41. Qd2 Qxa3 42. Ne3 Qb3 43. Qd4 Qb1+ 44. Kf2 Qa2+ 45. Kf1 Qe6 46. Kf2 h5 47.
Qg7+ Kc8 48. Qd4 Kc7 49. h4 Qe4 50. Qxe4 Bxe4 51. Nd1 Kb6 52. g3 a5 53. bxa5+
Kxa5 54. Nb2 Kb6 55. Ke3 Kc5 56. Kd2 b4 57. cxb4+ Kxb4 58. Nd1 d5 59. Nf2 Kc4
60. Nh3 d4 61. Nf2 Kd5 62. Ke2 Bb1 63. Kd2 Kc4 64. Nd1 Kd5 65. Nf2 Be4 66. Nh3
Bg2 67. Ng5 Bf1 68. Nf3 Bb5 69. Ng5 1/2-1/2

[Event "2BLW 1718 Klub KÃ¶lner Schachfreunde - "]
[Site "?"]
[Date "2018.01.21"]
[Round "5.1"]
[White "Andersen, Mads"]
[Black "Strohhaeker, Raoul"]
[Result "1-0"]
[WhiteElo "2596"]
[BlackElo "2443"]
[PlyCount "133"]
[EventDate "2018.??.??"]

1. d4 d5 2. c4 c6 3. Nf3 Nf6 4. Nbd2 e6 5. g3 Bd6 6. Bg2 O-O 7. O-O c5 8. cxd5
exd5 9. dxc5 Bxc5 10. a3 a5 11. Nb3 Bb6 12. Bf4 Nc6 13. Rc1 Re8 14. Nbd4 Nxd4
15. Nxd4 Bg4 16. Nf3 h6 17. Qd3 a4 18. Be5 Bxf3 19. Bxf6 Qxf6 20. Bxf3 Qxb2 21.
Rb1 Qf6 22. Qxd5 Re7 23. Qb5 Bd4 24. Kg2 Rc8 25. Qxa4 b6 26. Rbd1 Bc5 27. Rd3
g5 28. Qg4 Rcc7 29. h4 Re5 30. hxg5 Rxg5 31. Qe4 Rc8 32. Rh1 Kg7 33. Rh4 Rc7
34. Rf4 Qe5 35. a4 Qxe4 36. Bxe4 Re5 37. e3 Be7 38. Bd5 f5 39. Bb3 Rec5 40. Bd5
Kg6 41. g4 fxg4 42. Rxg4+ Kh7 43. Be4+ Kh8 44. Rb3 Rg5 45. Rxg5 hxg5 46. Rxb6
Rc4 47. Re6 Bb4 48. Kf3 Bc3 49. Rh6+ Kg7 50. Rg6+ Kf8 51. Rxg5 Rxa4 52. Rc5 Bf6
53. Bc2 Rb4 54. Ke2 Be7 55. Rc8+ Kg7 56. f4 Rb2 57. e4 Ra2 58. Kf3 Bb4 59. e5
Ra1 60. Rc7+ Kf8 61. Bd3 Bd2 62. f5 Ra4 63. Rc4 Ra3 64. Ke4 Bg5 65. f6 Kf7 66.
Rc7+ Kf8 67. Bc4 1-0

[Event "2BLW 1718 Klub KÃ¶lner Schachfreunde - "]
[Site "?"]
[Date "2018.01.21"]
[Round "5.2"]
[White "Morawietz, Dieter"]
[Black "Wegerle, Joerg"]
[Result "0-1"]
[WhiteElo "2425"]
[BlackElo "2422"]
[PlyCount "112"]
[EventDate "2018.??.??"]

1. e4 e5 2. Nf3 Nf6 3. Nxe5 d6 4. Nf3 Nxe4 5. d4 d5 6. Bd3 Nc6 7. O-O Be7 8.
Re1 Bf5 9. Nc3 Nxc3 10. bxc3 Bxd3 11. Qxd3 O-O 12. Bf4 Bd6 13. Ng5 g6 14. Qh3
h5 15. Qg3 Bxf4 16. Qxf4 Qd6 17. Qxd6 cxd6 18. Nh3 Rfe8 19. Nf4 Ne7 20. Kf1 Kf8
21. Rab1 b6 22. Re3 Rec8 23. Rbe1 Rc7 24. Ke2 Rac8 25. Kd2 b5 26. Rb1 a6 27. h3
Rc4 28. g4 h4 29. a3 Ra4 30. Rb3 Rb8 31. Nd3 Nc6 32. Nb2 Ra5 33. Ke2 Rc8 34.
Kf3 g5 35. Ke2 Nd8 36. Rf3 Ne6 37. Nd3 Rc4 38. Rf5 Rca4 39. Rxd5 Ke7 40. Kd2
Rxa3 41. Rxa3 Rxa3 42. Rf5 f6 43. d5 Ng7 44. Rf3 Ra1 45. c4 bxc4 46. Nb4 f5 47.
Nc6+ Kf6 48. gxf5 Nh5 49. Re3 Nf4 50. Ne7 c3+ 51. Kxc3 Ra3+ 52. Kd4 Rxe3 53.
fxe3 Ne2+ 54. Kd3 Nc1+ 55. Kd2 Kxe7 56. Kxc1 g4 0-1

[Event "2BLW 1718 Klub KÃ¶lner Schachfreunde - "]
[Site "?"]
[Date "2018.01.21"]
[Round "5.3"]
[White "Schaefer, Markus"]
[Black "Tugui, Adrian"]
[Result "1/2-1/2"]
[WhiteElo "2395"]
[BlackElo "2372"]
[PlyCount "38"]
[EventDate "2018.??.??"]

1. e4 c5 2. Nf3 a6 3. g3 d6 4. Bg2 Nf6 5. Qe2 Nc6 6. c3 g6 7. O-O Bg7 8. Rd1
O-O 9. d4 cxd4 10. cxd4 d5 11. e5 Ne8 12. Nc3 Nc7 13. Be3 f6 14. exf6 exf6 15.
Rac1 g5 16. Qc2 Bg4 17. Re1 Rc8 18. Qd2 Qd7 19. Na4 Qf5 1/2-1/2

[Event "2BLW 1718 Klub KÃ¶lner Schachfreunde - "]
[Site "?"]
[Date "2018.01.21"]
[Round "5.4"]
[White "Wacker, Peter"]
[Black "Schlecht, Daniel"]
[Result "1/2-1/2"]
[WhiteElo "2325"]
[BlackElo "2383"]
[PlyCount "65"]
[EventDate "2018.??.??"]

1. e4 c6 2. d4 d5 3. Nd2 dxe4 4. Nxe4 Bf5 5. Ng3 Bg6 6. Nh3 Nf6 7. Bc4 Nbd7 8.
O-O e6 9. Nf4 Qc7 10. Bb3 Bd6 11. Qf3 O-O-O 12. Nxg6 hxg6 13. Bg5 c5 14. c3 Kb8
15. h3 Rc8 16. Ne4 Nxe4 17. Qxe4 Rh5 18. Bd2 Nf6 19. Qf3 Rch8 20. Rfc1 Bh2+ 21.
Kf1 Rf5 22. Qd3 Bf4 23. dxc5 Bxd2 24. Qxd2 Rd8 25. Qe3 Qh2 26. f3 Qc7 27. Rd1
Rc8 28. Rd2 Rxc5 29. Rad1 Qg3 30. Rd8 Qc7 31. R8d7 Qg3 32. Rd8 Qc7 33. R1d7
1/2-1/2

[Event "2BLW 1718 Klub KÃ¶lner Schachfreunde - "]
[Site "?"]
[Date "2018.01.21"]
[Round "5.5"]
[White "Berg, Michael"]
[Black "Helbig, Mark"]
[Result "1/2-1/2"]
[WhiteElo "2328"]
[BlackElo "2347"]
[PlyCount "116"]
[EventDate "2018.??.??"]

1. d4 Nf6 2. c4 g6 3. Nc3 Bg7 4. e4 d6 5. Nf3 O-O 6. Be2 Na6 7. O-O e5 8. Qc2
Nb4 9. Qd1 Bg4 10. d5 a5 11. Ne1 Bd7 12. Be3 b6 13. Qd2 Ne8 14. f3 f5 15. Rb1
Na6 16. Nd3 Nc5 17. Nxc5 dxc5 18. exf5 gxf5 19. Bh6 Nd6 20. Bxg7 Kxg7 21. f4 e4
22. Nd1 Qf6 23. Ne3 Kh8 24. Rbc1 Qh6 25. Qc3+ Rf6 26. Rf2 Rg8 27. Re1 Qg7 28.
Bf1 h6 29. Be2 Kh7 30. Bh5 Be8 31. Bd1 Bd7 32. Bh5 Be8 33. Bd1 Bd7 34. Bc2 h5
35. Nf1 Rg6 36. Qxg7+ R6xg7 37. Ne3 Kg6 38. Rd2 Kf6 39. Bd1 Kg6 40. Be2 Kh6 41.
Rc1 Be8 42. Rc3 Kg6 43. Rd1 Kh6 44. Rb1 Bg6 45. Bd1 Be8 46. b3 Bd7 47. a3 Rc8
48. Rb2 Be8 49. Be2 Bg6 50. Bf1 Rgg8 51. Be2 Kg7 52. Bf1 Kf6 53. Be2 Rh8 54.
Bf1 h4 55. Be2 Bh5 56. Bxh5 Rxh5 57. a4 Rg8 58. Rc1 Rhh8 1/2-1/2

[Event "2BLW 1718 Klub KÃ¶lner Schachfreunde - "]
[Site "?"]
[Date "2018.01.21"]
[Round "5.6"]
[White "Bayer, Ernst-Wolfgang"]
[Black "Gupta, Milon"]
[Result "1/2-1/2"]
[WhiteElo "2262"]
[BlackElo "2214"]
[PlyCount "60"]
[EventDate "2018.??.??"]

1. Nf3 d5 2. g3 Nf6 3. Bg2 e6 4. c4 dxc4 5. Na3 Bxa3 6. Qa4+ b5 7. Qxa3 Bb7 8.
b3 cxb3 9. Qxb3 a6 10. a4 Bd5 11. Qc2 b4 12. a5 Nbd7 13. d3 c5 14. O-O O-O 15.
e4 Bb7 16. Bb2 Qe7 17. Nd2 Rab8 18. Nc4 Rfc8 19. Qd2 Rd8 20. Qg5 h6 21. Qe3 Ne8
22. Rfc1 Nd6 23. Ne5 Nb5 24. Nxd7 Rxd7 25. Rxc5 Rxd3 26. Qxd3 Qxc5 27. Rc1 Qe7
28. Bf1 Rc8 29. Rxc8+ Bxc8 30. Qe3 Nc3 1/2-1/2

[Event "2BLW 1718 Klub KÃ¶lner Schachfreunde - "]
[Site "?"]
[Date "2018.01.21"]
[Round "5.7"]
[White "Michalczak, Thomas"]
[Black "Bonnmann, Reinhard"]
[Result "1/2-1/2"]
[WhiteElo "2208"]
[BlackElo "2235"]
[PlyCount "72"]
[EventDate "2018.??.??"]

1. e4 c5 2. Nf3 e6 3. d4 cxd4 4. Nxd4 Nf6 5. Nc3 Nc6 6. Ndb5 d6 7. Bf4 e5 8.
Bg5 a6 9. Na3 Be6 10. Nc4 Rc8 11. Nd5 Bxd5 12. exd5 Ne7 13. Bxf6 gxf6 14. Qg4
f5 15. Qg5 Rg8 16. Qd2 Rg4 17. Na3 Rd4 18. Bd3 e4 19. Bb5+ axb5 20. Qxd4 Rc5
21. O-O-O Qa5 22. Kb1 Nxd5 23. Qxd5 Rxd5 24. Rxd5 Qb6 25. Rxf5 d5 26. Rxd5 Bxa3
27. bxa3 Qxf2 28. Re5+ Kf8 29. Rxe4 Qxg2 30. Ree1 h5 31. h4 Qf3 32. Kb2 Qf6+
33. Kb3 Qc6 34. c3 Qd5+ 35. Kb2 Qd2+ 36. Kb3 Qd5+ {(=)} 1/2-1/2

[Event "2BLW 1718 Klub KÃ¶lner Schachfreunde -"]
[Site "?"]
[Date "2018.01.21"]
[Round "5.8"]
[White "Wisskirchen, Andreas"]
[Black "Kniest, Oliver"]
[Result "1/2-1/2"]
[WhiteElo "2210"]
[BlackElo "2306"]
[PlyCount "25"]
[EventDate "2018.??.??"]

1. d4 Nf6 2. Nf3 e6 3. g3 c5 4. c3 b6 5. Bg2 Bb7 6. O-O Be7 7. Nbd2 O-O 8. b3
d5 9. Bb2 Nc6 10. Rc1 cxd4 11. cxd4 Rc8 12. Ne5 Nd7 13. Nxc6 {(=)} 1/2-1/2

[Event "2BLW 1718 SC Hansa Dortmund - SG Soling"]
[Site "?"]
[Date "2018.02.04"]
[Round "6.1"]
[White "Wegerle, Joerg"]
[Black "Klyuner, Vyacheslav"]
[Result "1/2-1/2"]
[WhiteElo "2420"]
[BlackElo "2439"]
[PlyCount "66"]
[EventDate "2018.??.??"]

1. d4 Nf6 2. Nf3 e6 3. Bf4 c5 4. e3 d5 5. c3 Nc6 6. Nbd2 Bd6 7. Bg3 Bxg3 8.
hxg3 Qe7 9. Bb5 Bd7 10. a4 a6 11. Bxc6 Bxc6 12. Ne5 Nd7 13. Nxd7 Bxd7 14. Qb3
Bc6 15. Qb6 cxd4 16. cxd4 a5 17. Nb3 Ra6 18. Qc5 Qxc5 19. Nxc5 Ra8 20. Kd2 Ke7
21. Rhb1 b6 22. Nd3 Rhb8 23. b4 axb4 24. Rxb4 Rb7 25. Rab1 Rxa4 26. Rxa4 Bxa4
27. Nc5 Ra7 28. Rxb6 Be8 29. Rb7+ Rxb7 30. Nxb7 Bb5 31. Ke1 f6 32. g4 g5 33. f3
Bc6 {(=)} 1/2-1/2

[Event "2BLW 1718 SC Hansa Dortmund - SG Soling"]
[Site "?"]
[Date "2018.02.04"]
[Round "6.2"]
[White "Dr. Scholz, Christian"]
[Black "Schaefer, Markus"]
[Result "1-0"]
[WhiteElo "2376"]
[BlackElo "2395"]
[PlyCount "135"]
[EventDate "2018.??.??"]

1. d4 d5 2. Nf3 Nf6 3. c4 c6 4. Nc3 e6 5. e3 Nbd7 6. Qc2 Bd6 7. Be2 O-O 8. O-O
dxc4 9. Bxc4 e5 10. Rd1 Qc7 11. h3 h6 12. e4 exd4 13. Nxd4 Nb6 14. Bf1 Bh2+ 15.
Kh1 Bf4 16. b4 Bxc1 17. Raxc1 Qe5 18. Kg1 Bd7 19. a4 Rad8 20. a5 Nc8 21. Nf3
Qh5 22. e5 Nd5 23. Nxd5 cxd5 24. Rxd5 Ba4 25. Qd2 Rxd5 26. Qxd5 Bc6 27. Qd3 Ne7
28. g4 Qg6 29. Nd4 Be4 30. Qg3 Nc6 31. Nxc6 Bxc6 32. b5 Bd5 33. Bd3 Be4 34. Bc4
b6 35. a6 Qg5 36. Re1 Ba8 37. Qe3 Qd8 38. Qf4 Qc7 39. Bf1 Rc8 40. Qe3 Re8 41.
Rc1 Qb8 42. Qc3 Qd8 43. Qd3 Qg5 44. Qd7 Rf8 45. Rc8 Qxe5 46. Rxf8+ Kxf8 47.
Qxa7 Qe4 48. Qb8+ Ke7 49. Qc7+ Ke8 50. Qh2 Bd5 51. Qg2 Qd4 52. Qg3 Kd7 53. Qd3
Qxd3 54. Bxd3 Kc7 55. Bf1 Kb8 56. Bg2 Bc4 57. Bc6 g5 58. Kh2 Bf1 59. Kg3 f6 60.
h4 Be2 61. hxg5 hxg5 62. f3 Bd3 63. Bd7 Be2 64. Kf2 Bd1 65. Ke3 Ka7 66. Bc6 Bc2
67. Kd4 f5 68. Ke5 1-0

[Event "2BLW 1718 SC Hansa Dortmund - SG Soling"]
[Site "?"]
[Date "2018.02.04"]
[Round "6.3"]
[White "Schlecht, Daniel"]
[Black "Kotter, Ralf"]
[Result "1/2-1/2"]
[WhiteElo "2381"]
[BlackElo "2370"]
[PlyCount "109"]
[EventDate "2018.??.??"]

1. d4 Nf6 2. c4 e6 3. Nf3 b6 4. g3 Ba6 5. Qc2 Bb7 6. Bg2 c5 7. d5 exd5 8. cxd5
Be7 9. O-O O-O 10. e4 d6 11. Nc3 Nbd7 12. h3 Re8 13. b3 Bf8 14. Re1 a6 15. a4
Rb8 16. Bb2 Bc8 17. Nd2 b5 18. axb5 axb5 19. f4 Nh5 20. Kh2 g6 21. Nf3 Bg7 22.
Nd1 Nb6 23. Nf2 Bd7 24. Rad1 b4 25. Bxg7 Nxg7 26. e5 Bf5 27. Qc1 Re7 28. g4 Bc8
29. Ne4 Ne8 30. exd6 Rxe4 31. Rxe4 Nxd6 32. Ree1 Qc7 33. Ne5 Ra8 34. Nc6 c4 35.
Nxb4 Bd7 36. bxc4 Nbxc4 37. Nc6 h6 38. Rd4 Ra4 39. Re2 Qb6 40. Rd1 Qb3 41. Rf1
Kh7 42. Rf3 Qb6 43. Rc3 Bc8 44. Rec2 Ba6 45. Qg1 Qb5 46. Qf1 Qb6 47. Qf2 Qb5
48. Ne5 Qb4 49. Qd4 Qb5 50. Nxc4 Nxc4 51. Bf1 Qb1 52. Bxc4 Bxc4 53. Rxc4 Qxc2+
54. Rxc2 Rxd4 55. Kg3 1/2-1/2

[Event "2BLW 1718 SC Hansa Dortmund - SG Soling"]
[Site "?"]
[Date "2018.02.04"]
[Round "6.4"]
[White "Dr. Kalka, Arkadius Georg"]
[Black "Berg, Michael"]
[Result "1-0"]
[WhiteElo "2332"]
[BlackElo "2329"]
[PlyCount "81"]
[EventDate "2018.??.??"]

1. c4 Nf6 2. g3 g6 3. b4 Bg7 4. Bb2 c6 5. Nf3 d5 6. Na3 Qb6 7. Qb3 Na6 8. Bc3
O-O 9. c5 Qd8 10. Be5 Bg4 11. d4 Nd7 12. Bxg7 Kxg7 13. h3 Bf5 14. Bg2 Be4 15.
O-O Bxf3 16. Bxf3 e5 17. e4 dxe4 18. Bxe4 Nf6 19. Bg2 exd4 20. Rad1 Nc7 21. Nc2
Ne6 22. Nxd4 Nxd4 23. Qb2 Qc7 24. Qxd4 Rad8 25. Qc3 Rxd1 26. Rxd1 Rd8 27. Rxd8
Qxd8 28. b5 Qc7 29. bxc6 bxc6 30. f4 h6 31. Qd4 g5 32. Qd6 Qa5 33. fxg5 hxg5
34. Qe5 Kg6 35. Bxc6 Qxa2 36. Bg2 a5 37. c6 a4 38. c7 Qc2 39. g4 Qc1+ 40. Kh2
a3 41. Qf5+ 1-0

[Event "2BLW 1718 SC Hansa Dortmund - SG Soling"]
[Site "?"]
[Date "2018.02.04"]
[Round "6.5"]
[White "Gupta, Milon"]
[Black "Babar, Michael"]
[Result "0-1"]
[WhiteElo "2215"]
[BlackElo "2145"]
[PlyCount "106"]
[EventDate "2018.??.??"]

1. Nf3 d6 2. d4 g6 3. e4 Bg7 4. Nc3 Nf6 5. h3 O-O 6. Be3 c6 7. a4 Qa5 8. Bd3
Nbd7 9. O-O e5 10. Re1 Re8 11. dxe5 dxe5 12. Qb1 Nf8 13. b4 Qc7 14. a5 Ne6 15.
Ne2 Nh5 16. c3 Nef4 17. Nxf4 Nxf4 18. Bf1 Qe7 19. Kh2 Qf6 20. Ng1 h5 21. Ra2 h4
22. Rd2 g5 23. Qd1 Qg6 24. Rd6 Be6 25. f3 Bf8 26. Rd2 Be7 27. Ne2 Nh5 28. Nc1
f6 29. Bd3 Qf7 30. Bc2 Red8 31. Bb3 Rxd2 32. Bxd2 Rd8 33. Bxe6 Qxe6 34. Qb3
Qxb3 35. Nxb3 Rd3 36. Re3 Rd7 37. Re1 Ng3 38. Kg1 Rd3 39. Kf2 Bxb4 40. cxb4
Rxb3 41. Be3 Rb2+ 42. Kg1 Ne2+ 43. Kf1 Nd4 44. Bxd4 exd4 45. e5 Kf7 46. exf6
Rxb4 47. a6 bxa6 48. Re7+ Kxf6 49. Rxa7 Ra4 50. Rc7 Rc4 51. Ra7 Ke5 52. Rxa6 d3
53. Ra8 Rc1+ 0-1